Readaptación social de los vagos jóvenes mediante la asistencia por el trabajo (Record no. 122668)
[ view plain ]
| 000 -LEADER | |
|---|---|
| campo de control de longitud fija | 01004nam a2200217 4500 |
| 001 - NÚMERO DE CONTROL | |
| campo de control | 122668 |
| 003 - IDENTIFICADOR DE NÚMERO DE CONTROL | |
| campo de control | ES-MaACL |
| 005 - FECHA Y HORA DE LA ÚLTIMA TRANSACCIÓN | |
| campo de control | 20250905150208.0 |
| 007 - CAMPO FIJO DE DESCRIPCIÓN FÍSICA--INFORMACIÓN GENERAL | |
| campo de control de longitud fija | t| |
| 008 - DATOS DE LONGITUD FIJA--INFORMACIÓN GENERAL | |
| campo de control de longitud fija | 070214s1912 sp r ||||1| spa d |
| 100 1# - ENTRADA PRINCIPAL--NOMBRE DE PERSONA | |
| Nombre de persona | Puig y Alfonso, Francisco. |
| 9 (RLIN) | 94285 |
| 245 10 - MENCIÓN DEL TÍTULO | |
| Título | Readaptación social de los vagos jóvenes mediante la asistencia por el trabajo |
| Resto del título | : anteproyecto de extinción de la vagancia local / |
| Mención de responsabilidad, etc. | presentado a la Junta Provincial por los vocales D. Francisco Puig y Alfonso, D. Guillermo López y D. Federico Rahola. |
| 260 ## - PUBLICACIÓN, DISTRIBUCIÓN, ETC. | |
| Lugar de publicación, distribución, etc. | Barcelona : |
| Nombre del editor, distribuidor, etc. | [s.n.], |
| Fecha de publicación, distribución, etc. | 1912. |
| 300 ## - DESCRIPCIÓN FÍSICA | |
| Extensión | 23 p. ; |
| Dimensiones | 21 cm. |
| 500 ## - NOTA GENERAL | |
| Nota general | Precede al Tit : Junta Provincial de Protección a la Infancia y Represión de la Mendicidad de Barcelona. |
| 700 1# - ENTRADA AGREGADA--NOMBRE PERSONAL | |
| Nombre de persona | López, Guillermo. |
| 9 (RLIN) | 73333 |
| 700 1# - ENTRADA AGREGADA--NOMBRE PERSONAL | |
| Nombre de persona | Rahola y Trémols, Federico, |
| Fechas asociadas al nombre | 1858-1919 |
| 9 (RLIN) | 95016 |
| 710 2# - ENTRADA AGREGADA--NOMBRE DE ENTIDAD CORPORATIVA | |
| Nombre de entidad corporativa o nombre de jurisdicción como elemento de entrada | Barcelona. Junta Provincial de Protección a la Infancia y Represión de la Mendicidad. |
| 9 (RLIN) | 2144 |
| 852 ## - LOCALIZACIÓN | |
| Ubicación | ES-MaACL |
| Número de control de estantería | T-1376-F-10 |
| Estatus retirado | Estado de pérdida | Estado de daño | No para préstamo | Colección | Biblioteca de origen | Biblioteca actual | Ubicación en estantería | Fecha de adquisición | Fuente de adquisición | Total de préstamos | Signatura topográfica completa | Código de barras | Visto por última vez | Precio de reemplazo | Tipo de ítem Koha |
|---|---|---|---|---|---|---|---|---|---|---|---|---|---|---|---|
| Colección de folletos | Biblioteca del Ateneo de Madrid | Biblioteca del Ateneo de Madrid | Depósito folletos | 17/01/2008 | T-1376-F-10 | 1127822 | 23/02/2023 | 23/02/2023 | Folleto |
